The wired society (Record no. 33748)

MARC details
000 -LEADER
fixed length control field 00418nam a22001697a 4500
005 - DATE AND TIME OF LATEST TRANSACTION
control field 20231003150327.0
008 - FIXED-LENGTH DATA ELEMENTS--GENERAL INFORMATION
fixed length control field 231003b |||||||| |||| 00| 0 eng d
020 ## - INTERNATIONAL STANDARD BOOK NUMBER
ISBN 9780155083530
082 ## - DEWEY DECIMAL CLASSIFICATION NUMBER
Classification number 303.4833
Item number CLA-T
100 ## - MAIN ENTRY--AUTHOR
Author Name Clark carol lea
245 ## - TITLE STATEMENT
Title The wired society
260 ## - PUBLICATION, DISTRIBUTION, ETC.
Place of Publication USA
Name of publisher, distributor, etc. Harcourt brace & company
Date of publication, distribution, etc. 1999
300 ## - PHYSICAL DESCRIPTION
Pages 528
500 ## - GENERAL NOTE
General note Include Index
650 ## - SUBJECT ADDED ENTRY--TOPICAL TERM
Subject / Department Social sciences
952 ## - LOCATION AND ITEM INFORMATION (KOHA)
-- 0
-- 0
Holdings
Lost status Damaged status Collection code Permanent Location Current Location Shelving Location Date acquired Full Call Number Accession No./Barcode Date last seen item type
      Superior Information Resource Center (SIRC) Superior University- Central Library Superior Information Resource Center (SIRC) Superior University- Central Library Social science 10/03/2023 303.4833 CLA-T 1999 20651 10/03/2023 BOOK

Powered by Koha